000166552 001__ 166552 000166552 005__ 20260121131129.0 000166552 037__ $$aTAZ-TFG-2025-3785 000166552 041__ $$aspa 000166552 1001_ $$aAlonso Lidoy, Alejandro 000166552 24200 $$aThe influence of Francoism on Aragonese Dance 000166552 24500 $$aLa influencia del franquismo en el dance aragonés 000166552 260__ $$aZaragoza$$bUniversidad de Zaragoza$$c2025 000166552 500__ $$aResumen y palabras claves disponibles también en inglés. 000166552 506__ $$aby-nc-sa$$bCreative Commons$$c3.0$$uhttp://creativecommons.org/licenses/by-nc-sa/3.0/ 000166552 520__ $$aEl dance aragonés es una de las manifestaciones culturales más singulares y diversas de Aragón. Si bien su tipología y descripción formal han recibido atención investigadora, su funcionalidad política durante el franquismo carece de estudio. Es fundamental examinar cómo el régimen franquista instrumentalizó el folclore y la tradición, como es el caso del dance aragonés, como medio de legitimación política y de exaltación nacional. En este proceso fue decisivo el papel tanto de las instituciones aragonesas como nacionales, así como de diversas figuras de la élite franquista que, mediante la censura y el control, revitalizaron el dance a lo largo de Aragón. Este trabajo analiza la actuación de estos agentes, con el fin de comprender de qué modo sus intervenciones contribuyeron a la revitalización de una manifestación cultural que había permanecido aletargada.<br /><br /> 000166552 521__ $$aGraduado en Historia 000166552 540__ $$aDerechos regulados por licencia Creative Commons 000166552 691__ $$a0 000166552 692__ $$a 000166552 700__ $$aRamón Solans, Francisco Javier$$edir. 000166552 7102_ $$aUniversidad de Zaragoza$$bHistoria Moderna y Contemporánea$$cHistoria Contemporánea 000166552 8560_ $$f800602@unizar.es 000166552 8564_ $$s724172$$uhttps://zaguan.unizar.es/record/166552/files/TAZ-TFG-2025-3785.pdf$$yMemoria (spa) 000166552 909CO $$ooai:zaguan.unizar.es:166552$$pdriver$$ptrabajos-fin-grado 000166552 950__ $$a 000166552 951__ $$adeposita:2026-01-21 000166552 980__ $$aTAZ$$bTFG$$cFFYL 000166552 999__ $$a20250721113934.CREATION_DATE